|
|
|
|
| LEADER |
00000nam a2200000 a 4500 |
| 001 |
vtls010651367 |
| 003 |
SK-MaSNL |
| 005 |
20260425230218.0 |
| 008 |
250312s1969 xo f 000 0 eng |
| 015 |
|
|
|a SBNA1969
|
| 035 |
|
|
|a 9624B387-8BFB-48EE-955F-3D7A2D3BDC90
|
| 035 |
|
|
|a urn:nbn:sk:snk-aml1m2
|
| 035 |
|
|
|a urn:nbn:sk:snk-am008n7v
|
| 040 |
|
|
|a SNK
|b slo
|c SNK
|e AACR2
|
| 041 |
0 |
|
|a eng
|
| 043 |
|
|
|a e-xo---
|
| 044 |
|
|
|a xo
|c SK
|
| 080 |
|
|
|a 321.99(437+437.6)(045)=2
|2 1981
|
| 245 |
0 |
0 |
|a Slovak News
|b special edition of Slovak News for Central Committee of National Front of the Slovakian Socialist Republic
|
| 260 |
|
|
|a Bratislava
|b Tatrapress
|c [1969]
|
| 300 |
|
|
|a 47 s.
|c 4°
|
| 500 |
|
|
|a Zvláštne číslo z čas. Slovak News
|
| 610 |
1 |
7 |
|a Slovensko.
|b Národný front
|2 SNKKA
|9 419399
|
| 648 |
|
7 |
|a 1968-1969
|2 SNKPH
|9 278925
|
| 651 |
|
7 |
|a Slovensko
|2 SNKPH
|9 14231
|
| 651 |
|
7 |
|a Československo
|2 SNKPH
|9 21376
|
| 655 |
|
7 |
|a state
|2 SNKPH
|9 277999
|
| 655 |
|
7 |
|a články
|2 SNKPH
|9 70601
|
| 852 |
|
|
|a Slovenská národná knižnica
|
| 958 |
|
|
|a OND
|
| 958 |
|
|
|a RM
|
| 999 |
|
|
|c 669521
|d 671451
|
| 952 |
|
|
|a SNK
|b SNK
|y PREZ
|7 0
|p 17A0890682
|o snkSB 17510
|i snkK 5142/71
|0 0
|1 0
|4 0
|d 2015-02-02
|f 1
|l 0
|r 2025-03-18 00:00:00
|w 2026-02-23
|